[Event "YM"]
[Site "Zug SUI"]
[Date "2003.10.09"]
[Round "3"]
[White "Flumbort,A"]
[Black "Rau,H"]
[Result "1-0"]
[WhiteElo "2467"]
[BlackElo "2372"]

1.d4 Nf6 2.c4 e6 3.Nf3 b6 4.g3 Ba6 5.b3 Bb4+ 6.Bd2 Be7 7.Bg2 c6 8.O-O O-O
9.Qc2 d5 10.Rd1 Nbd7 11.Bf4 Rc8 12.Nc3 dxc4 13.Nd2 Nd5 14.bxc4 Nxf4 15.gxf4 Qc7
16.e3 Bb7 17.a4 Rfd8 18.a5 Bb4 19.a6 Ba8 20.Nde4 Bxc3 21.Nxc3 c5 22.Nb5 Qb8
23.Bb7 Bxb7 24.axb7 Qxb7 25.Nd6 Qc7 26.Nxc8 Rxc8 27.Qe4 g6 28.d5 exd5 29.Qxd5 Nf8
30.h4 h5 31.f5 Qe7 32.fxg6 Nxg6 33.Qxh5 Rc6 34.Qg5 Qe4 35.h5 Kh7 36.Qg2 Qe8
37.Rxa7 Ne5 38.Qe4+  1-0

[Event "Femida"]
[Site "Kharkov UKR"]
[Date "2003.10.10"]
[Round "5"]
[White "Kostiuk,T"]
[Black "Maiko,J"]
[Result "0-1"]
[WhiteElo "2277"]
[BlackElo "2178"]

1.d4 Nf6 2.Nf3 e6 3.c4 b6 4.g3 Ba6 5.b3 Bb4+ 6.Bd2 Be7 7.Bg2 c6 8.O-O d5
9.Ne5 Nbd7 10.Nxd7 Nxd7 11.Bc3 O-O 12.Nd2 b5 13.c5 e5 14.b4 e4 15.Nb3 f5
16.Bd2 Bg5 17.Na5 Rc8 18.Qc1 Bxd2 19.Qxd2 Rc7 20.f3 Nf6 21.fxe4 fxe4 22.Bh3 Bc8
23.Bxc8 Qxc8 24.Rf4 Rcf7 25.Raf1 Qh3 26.e3 Qe6 27.Kg2 g6 28.h3 h5 29.Qf2 Kg7
30.Qe2 Rc7 31.g4 hxg4 32.hxg4 Rcc8 33.Kg3 Rb8 34.Qd1 Qd7 35.Qe2 Qe6 36.a3 Qd7
37.Kg2 Rbe8 38.Kg3 Qc7 39.Kg2 Qe7 40.R1f2 Qd7 41.Kf1 Nh7 42.Rxf8 Nxf8 43.Rg2 Ne6
44.Qe1 Ng5 45.Qg3 Nf3 46.Qd6 Qf7 47.Rf2 Rf8 48.Qg3 Rh8 49.Ke2 Rh1 50.Rg2 Ra1
51.Qf4 Ra2+ 52.Kf1  0-1

[Event "YM"]
[Site "Zug SUI"]
[Date "2003.10.11"]
[Round "5"]
[White "Flumbort,A"]
[Black "Berkvens,J"]
[Result "1/2-1/2"]
[WhiteElo "2467"]
[BlackElo "2450"]

1.d4 Nf6 2.c4 e6 3.Nf3 b6 4.g3 Ba6 5.Qb3 c6 6.Nc3 d5 7.cxd5 cxd5 8.Bf4 Bc4
9.Qd1 Nc6 10.Rc1 Rc8 11.Bg5 Be7 12.e3 Na5 13.Ne5 O-O 14.Bxc4 Nxc4 15.Bxf6 Bxf6
16.Nxc4 Rxc4 17.O-O Qd7  1/2-1/2

[Event "1st Israel Int Op"]
[Site "Ashdod ISR"]
[Date "2003.10.13"]
[Round "2"]
[White "Lymar,I"]
[Black "Zagrebelny,S"]
[Result "1/2-1/2"]
[WhiteElo "2392"]
[BlackElo "2524"]

1.d4 Nf6 2.Nf3 e6 3.c4 b6 4.g3 Ba6 5.b3 Bb4+ 6.Bd2 Be7 7.Bg2 c6 8.Bc3 d5
9.Ne5 Nfd7 10.Nxd7 Nxd7 11.Nd2 O-O 12.O-O Rc8 13.Re1 c5 14.cxd5 exd5 15.e4 dxe4
16.Nxe4 f5 17.Nd2 cxd4 18.Bxd4 Nf6 19.Nc4 Kh8 20.Ne5 Bb4 21.Re3 Qd6 22.a3 Bxa3
23.b4 Rc1 24.Rxc1 Bxc1 25.Qxc1 Qxd4 26.Nc6 Qd6 27.Ra3 Bb5 28.Nxa7 Qxb4 29.Nxb5 Qxb5
30.Bf1 Qb4 31.Ra7 Qd4 32.Rb7 h6 33.Qc4 Qd6 34.Qb5 Ne4 35.Qxb6  1/2-1/2

[Event "1st Israel Int Op"]
[Site "Ashdod ISR"]
[Date "2003.10.14"]
[Round "5"]
[White "Huzman,A"]
[Black "Lerner,K"]
[Result "1/2-1/2"]
[WhiteElo "2574"]
[BlackElo "2524"]

1.d4 Nf6 2.c4 e6 3.Nf3 b6 4.g3 Ba6 5.Qb3 Nc6 6.Nbd2 d5 7.Bg2 Bb7 8.cxd5 Qxd5
9.Qxd5 Nxd5 10.a3 Be7 11.b3 O-O 12.Bb2 Rac8 13.O-O Nb8 14.Rfc1 c5 15.dxc5 Bxc5
16.b4  1/2-1/2

[Event "YM"]
[Site "Zug SUI"]
[Date "2003.10.14"]
[Round "8"]
[White "Moor,O"]
[Black "Buss,R"]
[Result "1/2-1/2"]
[WhiteElo "2352"]
[BlackElo "2267"]

1.d4 Nf6 2.c4 e6 3.Nf3 b6 4.g3 Ba6 5.Nbd2 d5 6.Bg2 Be7 7.cxd5 exd5 8.O-O O-O
9.Ne5 Bb7 10.b3 a5 11.Bb2 Na6 12.Rc1 c5 13.dxc5 bxc5 14.Nd3 Qb6 15.Nb1 Rfd8
16.Nc3 Ne4 17.Nf4 Nxc3 18.Bxc3 Nc7 19.Qc2 d4 20.Bxb7 Qxb7 21.Bd2 Bd6 22.Qd3 a4
23.Qc4 axb3 24.axb3 Bxf4 25.Bxf4 Ne6 26.Bd2 Rdb8 27.Rb1 Ra6 28.Rb2 Qb5 29.Rc1 Rab6
30.Qxb5 Rxb5 31.e3 h6 32.exd4 Nxd4 33.Be3 Nxb3 34.Rc4 f6 35.h4 Kf7 36.Kg2 Ke6
37.Rxb3 Rxb3 38.Rxc5 R3b5 39.Rc4 R8b7 40.Kf3 Rf5+ 41.Kg2 Rfb5 42.Kf3 h5 43.Rc6+ Kf5
44.Rc4 g5 45.hxg5 fxg5 46.g4+ hxg4+ 47.Rxg4 Kg6 48.Rc4 Rf7+ 49.Kg3 Rbf5 50.Rc5 Rxc5
51.Bxc5 Kh5 52.Bd6 Rd7 53.Bc5 Rd1 54.Kg2 Rd3 55.Bb6 g4 56.Bc7 Rf3 57.Bd6  1/2-1/2

[Event "EuTCh"]
[Site "Plovdiv BUL"]
[Date "2003.10.17"]
[Round "6"]
[White "Gyimesi,Z"]
[Black "Sokolov,And1"]
[Result "1/2-1/2"]
[WhiteElo "2537"]
[BlackElo "2584"]

1.d4 Nf6 2.c4 e6 3.Nf3 b6 4.g3 Ba6 5.Qa4 Bb7 6.Bg2 c5 7.dxc5 Bxc5 8.O-O O-O
9.Nc3 Be7 10.Bf4 Na6 11.Rfd1 Nc5 12.Qc2 Qc8 13.Rac1 Nce4 14.Nd4 Nxc3 15.Qxc3 a6
16.Qb3 Bxg2 17.Kxg2 Qb7+ 18.Qf3 Ra7 19.Qxb7 Rxb7 20.f3 Rc8 21.e4 Ne8 22.h4 f6
23.Ne2 Kf7 24.Rd3 b5 25.cxb5 Rxc1 26.Nxc1 Rxb5 27.b3 Rb7 28.Rc3 e5 29.Be3 Rc7
30.Rxc7 Nxc7 31.Bb6 Ba3 32.Nd3 Ne6 33.b4 Ke7 34.f4 d6 35.f5 Nd8 36.Bxd8+ Kxd8
37.g4 Kd7 38.g5 Kc6 39.gxf6 gxf6 40.Nf2 h5 41.Nh1 Bxb4 42.Kf2 Kc5 43.Ng3 Kd4
44.Ke2 a5 45.a4 d5 46.Nxh5 Kxe4 47.Nxf6+ Kxf5 48.Nxd5 Bc5 49.Ne3+  1/2-1/2

[Event "300 Years"]
[Site "St Petersburg RUS"]
[Date "2003.10.18"]
[Round "1"]
[White "Aseev,K"]
[Black "Golovchenko,G"]
[Result "1-0"]
[WhiteElo "2535"]
[BlackElo "2320"]

1.d4 Nf6 2.c4 e6 3.Nf3 b6 4.g3 Ba6 5.b3 Bb4+ 6.Bd2 Be7 7.Nc3 d5 8.cxd5 exd5
9.Bg2 Bb7 10.Ne5 O-O 11.O-O Nbd7 12.Nd3 Re8 13.b4 c6 14.Qb3 Nf8 15.Bg5 Ne6
16.Bxf6 Bxf6 17.e3 Rc8 18.Rac1 b5 19.Ne2 Rc7 20.Rc2 Ng5 21.Rfc1 Rce7 22.Nef4 g6
23.Nc5 Ba8 24.a4 Qb6 25.axb5 Qxb5 26.Bf1 Qb8 27.Qa4 h5 28.b5 cxb5 29.Bxb5 Rd8
30.Nd7 Qd6 31.Rc8 Rxd7 32.Bxd7 Bb7 33.Rxd8+ Bxd8 34.Bc8 Nf3+ 35.Kg2 Ne1+
36.Kf1  1-0

[Event "After Holidays GM"]
[Site "Tel Aviv ISR"]
[Date "2003.10.19"]
[Round "1"]
[White "Lerner,K"]
[Black "Savchenko,S"]
[Result "1/2-1/2"]
[WhiteElo "2524"]
[BlackElo "2563"]

1.d4 Nf6 2.c4 e6 3.Nf3 b6 4.g3 Ba6 5.b3 Bb4+ 6.Bd2 Be7 7.Bg2 c6 8.Qc2 d5
9.O-O O-O 10.Bg5 Nbd7 11.Nbd2 h6 12.Bf4 Nh5 13.Be3 Bd6 14.Rfe1 Qe7 15.c5 Bc7
16.b4 bxc5 17.bxc5 Rfb8 18.Rab1 Rxb1 19.Nxb1 e5 20.Nc3  1/2-1/2

[Event "300 Years"]
[Site "St Petersburg RUS"]
[Date "2003.10.20"]
[Round "3"]
[White "Pavlov,Al"]
[Black "Ibraev,N"]
[Result "0-1"]
[WhiteElo "2284"]
[BlackElo "2442"]

1.d4 Nf6 2.c4 e6 3.Nf3 b6 4.g3 Ba6 5.Qb3 c5 6.Bg2 Bb7 7.dxc5 Bxc5 8.O-O Be7
9.Rd1 Na6 10.Nc3 O-O 11.Bf4 d6 12.Rd2 Nc5 13.Qc2 Nce4 14.Rd4 Nxc3 15.Qxc3 Qc7
16.Be3 Rac8 17.Qd3 e5  0-1

[Event "300 Years Women"]
[Site "St Petersburg RUS"]
[Date "2003.10.21"]
[Round "4"]
[White "Kostiuk,T"]
[Black "Aseeva,M"]
[Result "1-0"]
[WhiteElo "2277"]
[BlackElo "2131"]

1.d4 Nf6 2.Nf3 e6 3.c4 b6 4.g3 Ba6 5.Nbd2 Bb7 6.Bg2 c5 7.e4 Nxe4 8.Ne5 Nc3
9.Qh5 g6 10.Qh3 cxd4 11.Bxb7 Qc7 12.Bxa8 Qxe5+ 13.Kf1 Qe2+ 14.Kg2 Nd1 15.Rxd1 Qxd1
16.Nb3 Qd3 17.Bh6 Nc6 18.Bxf8 Rxf8 19.Qh4 Qxc4 20.Kg1 e5 21.Re1 f6 22.Bxc6 dxc6
23.Qxh7 Qf7 24.Qh3 c5 25.f4 Kd8 26.Qg2 exf4 27.Qa8+ Kc7 28.Qxa7+ Kc6 29.Re7  1-0

[Event "300 Years"]
[Site "St Petersburg RUS"]
[Date "2003.10.23"]
[Round "6"]
[White "Kosyrev,V"]
[Black "Kiselev,S"]
[Result "0-1"]
[WhiteElo "2531"]
[BlackElo "2415"]

1.d4 Nf6 2.c4 e6 3.Nf3 b6 4.g3 Ba6 5.Qb3 Bb7 6.Nc3 d5 7.cxd5 exd5 8.Bg2 Be7
9.O-O O-O 10.Bf4 Na6 11.Rfd1 Qc8 12.Rac1 Rd8 13.Ne5 c5 14.e4 c4 15.Qa4 dxe4
16.b3 e3 17.Qxc4 exf2+ 18.Kxf2 Bxg2 19.Qxf7+ Kh8 20.Qxe7 Re8 21.Nd5 Bxd5
22.Rxc8 Raxc8 23.Qa3 Rc2+ 24.Kf1 Nc7 25.Rd2 Nb5 26.Qa6 Rc1+ 27.Ke2 Nc3+ 28.Kd3 Be4+
29.Ke3 Ng4+ 30.Nxg4 Bb7+ 31.Be5 Bxa6 32.Rf2 Nd1+  0-1

[Event "21st Muensterland Open"]
[Site "Senden GER"]
[Date "2003.10.24"]
[Round "9"]
[White "Farago,I"]
[Black "Istratescu,A"]
[Result "1/2-1/2"]
[WhiteElo "2485"]
[BlackElo "2595"]

1.d4 Nf6 2.c4 e6 3.Nf3 b6 4.g3 Ba6 5.Qa4 Bb7 6.Bg2 c5 7.dxc5 bxc5 8.Nc3 Be7
9.O-O O-O 10.Bf4 Qb6 11.Qb5 Rd8 12.Rfd1 d6 13.Qxb6 axb6 14.Rd2 Nc6 15.Ne1 h6
16.Rad1 Ne8 17.g4 Rd7 18.b3 Nb4 19.Bxb7 Rxb7 20.e4 Nc6 21.Nb5 Nd4 22.Nxd4 cxd4
23.e5 dxe5 24.Bxe5 Nf6 25.h3 h5 26.Bxd4 Bb4 27.Rd3 Rxa2 28.Bxf6 gxf6 29.Rd8+ Kh7
30.Nd3 Be7 31.Rd4 hxg4 32.hxg4 Rba7 33.Kg2 Kg8 34.b4 Rc2 35.c5 bxc5 36.Nxc5 Bxc5
37.bxc5 Raa2 38.Rf4 Kg7 39.Rd3 e5 40.Rf5 Rxc5 41.Rd6  1/2-1/2

[Event "300 Years"]
[Site "St Petersburg RUS"]
[Date "2003.10.24"]
[Round "7"]
[White "Akhmadeev,V"]
[Black "Alaguzov,M"]
[Result "1-0"]
[WhiteElo "2398"]
[BlackElo "2120"]

1.d4 Nf6 2.c4 e6 3.Nf3 b6 4.g3 Ba6 5.b3 Bb4+ 6.Bd2 Be7 7.Bg2 c6 8.Bc3 d5
9.Ne5 Nfd7 10.Nxd7 Nxd7 11.Nd2 f5 12.O-O O-O 13.Bb2 Qe8 14.Rc1 Rc8 15.Rc2 Qh5
16.e3 Qh6 17.Re1 Bd6 18.Qc1 b5 19.cxb5 cxb5 20.Bf1 Rxc2 21.Qxc2 Rc8 22.Qb1 Bb4
23.Rc1 Bxd2 24.Rxc8+ Bxc8 25.Qc2 Bxe3 26.Qxc8+ Nf8 27.Ba3 Bxf2+ 28.Kg2 Qf6
29.Bxf8 Kf7 30.Bc5 Bxd4 31.Qd7+ Kg6 32.Bxd4 Qxd4 33.Qxe6+ Qf6 34.Qxf6+ Kxf6
35.Bxb5 Ke5 36.Kf3 Kd4 37.Bc6 Kc5 38.Bd7 g6 39.Be6 d4 40.a3 a5 41.Ke2 h6
42.Kd3  1-0

[Event "300 Years"]
[Site "St Petersburg RUS"]
[Date "2003.10.25"]
[Round "8"]
[White "Tunik,G"]
[Black "Shariyazdanov,A"]
[Result "1/2-1/2"]
[WhiteElo "2482"]
[BlackElo "2580"]

1.d4 Nf6 2.c4 e6 3.Nf3 b6 4.g3 Ba6 5.Qa4 Bb7 6.Bg2 c5 7.dxc5 bxc5 8.O-O Be7
9.Nc3 O-O 10.Rd1 a6 11.Qc2 Qc7 12.b3 Nc6 13.Bb2 Rfb8 14.e3 Rc8 15.Rac1 h6
16.Qb1 d6 17.Nd2 Nb4 18.Nde4 Nxe4 19.Nxe4 Qd7 20.f4 f5 21.a3 Nc6 22.Nd2 Bf6
23.Bxf6 gxf6 24.Qb2 Rf8  1/2-1/2

[Event "9th Medunarodni"]
[Site "Tuzla BIH"]
[Date "2003.10.25"]
[Round "11"]
[White "Kiss,At"]
[Black "Pataki,G"]
[Result "1/2-1/2"]
[WhiteElo "2397"]
[BlackElo "2367"]

1.d4 Nf6 2.c4 e6 3.Nf3 b6 4.g3 Ba6 5.Nbd2 d5 6.cxd5 exd5 7.Bg2 Bd6 8.O-O O-O
9.b3 Re8 10.Re1 Nbd7 11.Bb2 Rc8 12.Rc1 c5 13.dxc5 bxc5 14.e3 Qb6  1/2-1/2

[Event "300 Years"]
[Site "St Petersburg RUS"]
[Date "2003.10.26"]
[Round "9"]
[White "Akhmadeev,V"]
[Black "Obukhov,A"]
[Result "0-1"]
[WhiteElo "2398"]
[BlackElo "2467"]

1.d4 Nf6 2.c4 e6 3.Nf3 b6 4.g3 Ba6 5.b3 Bb4+ 6.Bd2 Be7 7.Bg2 Bb7 8.O-O O-O
9.Qc2 Na6 10.Nc3 d5 11.Ne5 c5 12.dxc5 bxc5 13.cxd5 exd5 14.Rac1 Re8 15.Nd3 h6
16.Rfd1 Qd7 17.Be1 d4 18.Bxb7 Qxb7 19.Na4 Rac8 20.Qb2 Ne4 21.Rc2 Ng5 22.f3 Bd6
23.Qc1 c4 24.bxc4 Rxe2 25.Rxe2 Qxf3 26.h4 Nh3+ 27.Kh2 Qxe2+ 28.Kxh3 Qe6+
29.Kh2 Rxc4 30.Qb2 Rxa4 31.Bf2 Qxa2 32.Qb5 Nc5 33.Nb2 Ra5 34.Qe8+ Kh7 35.Bxd4 Ne6
36.Qc6 Nxd4 37.Qe4+ f5 38.Qxd4 Be5 39.Qf2 Qxb2 40.Rd2 Qb1 41.Rc2 f4 42.Qg2 f3
43.Qd2 Rd5  0-1

[Event "After Holidays GM"]
[Site "Tel Aviv ISR"]
[Date "2003.10.26"]
[Round "7"]
[White "Savchenko,S"]
[Black "Zagrebelny,S"]
[Result "1-0"]
[WhiteElo "2563"]
[BlackElo "2524"]

1.d4 Nf6 2.c4 e6 3.Nf3 b6 4.g3 Ba6 5.b3 Bb4+ 6.Bd2 Be7 7.Bg2 c6 8.Bc3 d5
9.Nbd2 Nbd7 10.O-O O-O 11.Re1 c5 12.e4 Nxe4 13.Nxe4 dxe4 14.Rxe4 Qc7 15.Re2 Rad8
16.Qe1 Bf6 17.Rd1 Bb7 18.Red2 Nb8 19.Qe3 cxd4 20.Bxd4 Bxd4 21.Rxd4 Nc6 22.R4d3 Rxd3
23.Rxd3 Rd8 24.Ne1 h6 25.Be4 Rxd3 26.Nxd3 Ne7 27.Ne5 Nf5 28.Bxf5 exf5  1-0

[Event "3rd Rohde Open"]
[Site "Sautron FRA"]
[Date "2003.10.29"]
[Round "5"]
[White "Prasad,D"]
[Black "Fedorchuk,S"]
[Result "0-1"]
[WhiteElo "2409"]
[BlackElo "2561"]

1.d4 Nf6 2.Nf3 e6 3.c4 b6 4.g3 Ba6 5.b3 Bb4+ 6.Bd2 Be7 7.Nc3 c6 8.e4 d5 9.Qc2 dxe4
10.Nxe4 Bb7 11.Bd3 Nbd7 12.O-O Nxe4 13.Bxe4 Nf6 14.c5 O-O 15.Rac1 Ba6 16.Rfe1 bxc5
17.dxc5 Nxe4 18.Qxe4 Bd3 19.Qf4 Qd5 20.Ne5 Bf5 21.g4 Bg6 22.Be3 Rfd8 23.Re2 Qe4
24.f3 Qxf4 25.Bxf4 Rac8 26.Rd2 Rxd2 27.Bxd2 f6 28.Nxg6 hxg6 29.Rc4 Kf7 30.Be3 e5
31.Ra4 Rc7 32.Kf2 Ke6 33.Ke2 f5 34.Rc4 Rb7 35.Ra4 Kd5 36.Ra5 Bd8 37.Ra6 Bc7
38.a3 e4 39.fxe4+ fxe4 40.h4 Rxb3 41.Rxa7 Rb2+ 42.Kf1 Be5 43.a4 Kc4 44.Re7 Kd3
45.Rxe5 Kxe3 46.Re7 Rf2+ 47.Kg1 Rf4 48.Rxg7 Rxg4+ 49.Kf1 Kd4 50.a5 Kxc5 51.a6 Rxh4
52.Ke2 Rh3 53.Kd2 Ra3 54.a7 Kb6 55.Rxg6 Rxa7 56.Re6 Ra4 57.Kc3 Kc5 58.Re5+ Kd6
59.Re8 c5 60.Kb3 Rd4 61.Kc3 Kd5 62.Re7 Rd3+ 63.Kc2 c4  0-1

[Event "Open"]
[Site "Bastia FRA"]
[Date "2003.10.30"]
[Round "4"]
[White "Epishin,V"]
[Black "Lobron,E"]
[Result "1/2-1/2"]
[WhiteElo "2658"]
[BlackElo "2497"]

1.d4 Nf6 2.c4 e6 3.Nf3 b6 4.g3 Ba6 5.b3 Bb4+ 6.Bd2 Be7 7.Nc3 Bb7 8.Bg2 d5
9.cxd5 exd5 10.O-O O-O 11.Rc1 c6 12.Ne5 Na6 13.Bg5 Nd7 14.Bxe7 Qxe7 15.Nxd7 Qxd7
16.Qd2 Nc7 17.Rfd1 Rfd8 18.Qb2 Qe7 19.e3 Ne8 20.b4 Nd6 21.a4 a6 22.b5 axb5
23.axb5 Nc4 24.Qb1 cxb5 25.Nxb5 Ra4 26.Qc2 Rb4 27.Rb1 Bc6 28.Rxb4 Qxb4 29.Nc3 b5
30.Ra1 g6 31.h4 Qe7 32.Qb3 Nd2 33.Qb2 Nc4 34.Qb3 Nd2 35.Qb2 Nc4 36.Nb1  1/2-1/2

[Event "18th Open"]
[Site "Le Touquet FRA"]
[Date "2003.10.30"]
[Round "5"]
[White "Vanderhallen,N"]
[Black "Therkildsen,T"]
[Result "1-0"]
[WhiteElo "1934"]
[BlackElo "2206"]

1.d4 Nf6 2.c4 e6 3.Nf3 b6 4.g3 Ba6 5.Nbd2 c5 6.Bg2 Bb7 7.e4 Nxe4 8.Ng5 d5
9.Ngxe4 dxe4 10.Nxe4 Nc6 11.d5 exd5 12.cxd5 Nd4 13.Be3 Nf5 14.Qe2 Qd7 15.Bxc5 O-O-O
16.Bxf8 Rhxf8 17.O-O-O Kb8 18.Kb1 Rfe8 19.Qd2 Ka8 20.Nc3 Nd6 21.Rhe1 Qf5+
22.Qc2 Qh5 23.h4 f5 24.Qa4 Rf8 25.Ne2 b5 26.Qb4 Rd7 27.Nd4 a6 28.Ne6 Rc8
29.Nc5 Rdd8 30.Rd3 Ne4 31.Nxb7 Rc4 32.Qa5 Rdc8 33.Qxa6+ Kb8 34.Bxe4 Qe2 35.Rdd1 Rd4
36.Rc1 Rdc4 37.Nd6 Rxc1+ 38.Rxc1 Rxc1+ 39.Kxc1 Qe1+ 40.Kc2 Qe2+ 41.Kb3 Qd1+
42.Ka3  1-0

[Event "1st Chesspangenberg Open"]
[Site "Buenos Aires ARG"]
[Date "2003.11.04"]
[Round "1"]
[White "Echeguren,G"]
[Black "Zarnicki,P"]
[Result "0-1"]
[WhiteElo "2091"]
[BlackElo "2513"]

1.d4 Nf6 2.c4 e6 3.Nf3 b6 4.g3 Ba6 5.b3 Bb4+ 6.Bd2 Be7 7.Bg2 c6 8.O-O d5
9.Ne5 Nfd7 10.Nxd7 Nxd7 11.Bc3 O-O 12.Nd2 f5 13.Rc1 Bd6 14.Bb2 Rc8 15.Nf3 Qf6
16.Rc2 g5 17.c5 Bb8 18.cxb6 axb6 19.Qc1 g4 20.Nh4 f4 21.Bh1 Kh8 22.Ng2 f3
23.exf3 Bxf1 24.Kxf1 gxf3 25.Nh4 e5 26.dxe5 Bxe5 27.Ba3 c5 28.Nxf3 d4 29.Ne1 Bd6
30.Nd3 Ne5 31.Qd1 Qf5 32.Nxe5 Bxe5 33.Bb2 Rf6 34.Re2 Rcf8 35.f3 h5 36.Kg1 Re6
37.f4 Bxf4 38.gxf4 Qg4+  0-1

[Event "ch-UKR"]
[Site "Simferopol UKR"]
[Date "2003.11.08"]
[Round "5"]
[White "Kilimnik,E"]
[Black "Golovach,V"]
[Result "0-1"]
[WhiteElo "2075"]
[BlackElo "2217"]

1.d4 Nf6 2.Nf3 b6 3.c4 e6 4.g3 Ba6 5.Qb3 Nc6 6.Bg2 Bb7 7.O-O Be7 8.Nc3 Na5
9.Qc2 Nxc4 10.Nb5 a6 11.Qxc4 axb5 12.Qc2 b4 13.Bf4 c5 14.Rfd1 Be4 15.Qc1 O-O
16.dxc5 bxc5 17.Bd6 Bxd6 18.Rxd6 Qc7 19.Rd1 Rfc8 20.Qd2 h6 21.Ne1 d5 22.Nd3 Qb6
23.b3 Bxg2 24.Kxg2 Ne4 25.Qe3 Nc3 26.Rd2 Ra3 27.h4 d4 28.Qf3 Qc6 29.Qxc6 Rxc6
30.Kf3 f6 31.Kg2 e5 32.f3 Kf7 33.g4 Ke6 34.h5 Kd5 35.Nc1 e4 36.fxe4+ Kxe4  0-1

[Event "ch-UKR"]
[Site "Simferopol UKR"]
[Date "2003.11.08"]
[Round "5"]
[White "Bakalov,E"]
[Black "Smirnov,I UKR"]
[Result "1-0"]
[WhiteElo "2332"]
[BlackElo "2446"]

1.d4 Nf6 2.c4 e6 3.Nf3 b6 4.g3 Ba6 5.Qa4 c5 6.Bg2 Bb7 7.e3 Be7 8.Nc3 cxd4
9.exd4 O-O 10.O-O d6 11.d5 e5 12.Nh4 Re8 13.Nf5 Bf8 14.Bg5 Nbd7 15.f4 h6
16.fxe5 Rxe5 17.Be3 Ng4 18.Bd4 g6 19.Bxe5 dxe5 20.h3 Bc5+ 21.Kh1 Ngf6 22.Nh4 Nh5
23.Rf3 Be7 24.Raf1 Nxg3+ 25.Rxg3 Bxh4 26.Rg4 h5 27.Rxh4 Nc5 28.Qc2 Qxh4 29.b4 Nd7
30.Ne4 Qe7 31.d6 Qf8 32.c5 bxc5 33.bxc5 Bxe4 34.Qxe4 Rc8 35.c6 Qxd6 36.cxd7 Qxd7
37.Qxe5 Re8 38.Qd5 Qc7 39.Qb7 Qc4 40.Qb3 Qc7 41.Qb7 Qxb7 42.Bxb7 Re7 43.Bd5 Kg7
44.Rb1 Rd7 45.Rb5 Rd6 46.Kg2 Rd7 47.Kf3 Kf6 48.Ke4 Re7+ 49.Kd4 h4 50.a4 g5
51.Be4  1-0

[Event "ch-IND A Women"]
[Site "Calicut IND"]
[Date "2003.11.12"]
[Round "6"]
[White "Sachdev,T"]
[Black "Ramaswamy,A"]
[Result "1/2-1/2"]
[WhiteElo "2218"]
[BlackElo "2322"]

1.d4 Nf6 2.c4 e6 3.Nf3 b6 4.g3 Ba6 5.b3 Bb4+ 6.Bd2 Be7 7.Bg2 c6 8.Bc3 d5
9.Nbd2 O-O 10.O-O Nbd7 11.Re1 Bb7 12.e4 a5 13.Qc2 Rc8 14.Rad1 Bb4 15.e5 Ne8
16.Bb2 Nc7 17.a3 Be7 18.Nf1 a4 19.bxa4 dxc4 20.Qxc4 Nd5 21.N1d2 Ra8 22.Nb3 c5
23.dxc5 Nxc5 24.a5 Nxb3 25.Qxb3 Rxa5 26.Nd2 Bc5  1/2-1/2

[Event "1st GM"]
[Site "Nagykanizsa HUN"]
[Date "2003.11.12"]
[Round "8"]
[White "Sriram,J"]
[Black "Timoshenko,G"]
[Result "0-1"]
[WhiteElo "2458"]
[BlackElo "2548"]

1.d4 Nf6 2.c4 e6 3.Nf3 b6 4.g3 Ba6 5.Qa4 Be7 6.Bg2 O-O 7.O-O c6 8.Ne5 Qe8
9.Nc3 d5 10.Bf4 Bxc4 11.Nxc4 b5 12.Qc2 bxc4 13.b3 cxb3 14.axb3 Qc8 15.Rfc1 Na6
16.Na4 Nb4 17.Qc3 Nd7 18.Nc5 a5 19.Ra4 Nxc5 20.dxc5 Bf6 21.Qe1 e5 22.Bd2 e4
23.Bxb4 axb4 24.Qxb4 Rb8 25.Qa3 e3 26.fxe3 Bg5 27.Rc3 Re8 28.e4 d4 29.Rxd4 Bf6
30.e3 Ra8 31.Qc1 h5 32.Rcd3 h4 33.Ra4 Rxa4 34.bxa4 hxg3 35.hxg3 Qg4 36.Qf1 Qxg3
37.Qf2 Qe5 38.Qf5 Qa1+ 39.Qf1 Qxa4 40.Rd7 Qa3 41.Qd3 Qxc5 42.Qb3 Qh5 43.Bf3 Qg6+
44.Kf2 Be5 45.Ke2 Qf6 46.Qa3 Rb8 47.Qc5 g6 48.Rd2 Kg7 49.Rc2 Rh8 50.Bg2 Qg5
51.Kd3 Rd8+ 52.Kc4 Qf6 53.Bh3 Rh8 54.Bg2 Qe6+ 55.Kd3 Rd8+ 56.Ke2 Qg4+ 57.Bf3 Qg3
58.Qxc6 Qg1 59.Qd5 Rxd5 60.exd5 Qg3 61.Be4 f5 62.Bf3 g5 63.Rc1 g4 64.Bh1 Qh2+
65.Kd3 g3  0-1

[Event "1st Chesspangenberg Open"]
[Site "Buenos Aires ARG"]
[Date "2003.11.13"]
[Round "9"]
[White "Cativelli,G"]
[Black "Garcia Palermo,C"]
[Result "0-1"]
[WhiteElo "2230"]
[BlackElo "2443"]

1.d4 Nf6 2.Nf3 e6 3.c4 b6 4.g3 Ba6 5.b3 Bb7 6.Bg2 Bb4+ 7.Bd2 c5 8.Bxb4 cxb4
9.Nbd2 O-O 10.O-O a5 11.Re1 d6 12.Nf1 Nbd7 13.Ne3 Be4 14.a3 bxa3 15.Rxa3 Qc7
16.Qd2 Rfc8 17.Raa1 d5 18.Rec1 Qd6 19.Ne1 Bxg2 20.Kxg2 g6 21.Nf3 Kg7 22.Qd3 Qb4
23.cxd5 Nxd5 24.Nc4 b5 25.Nce5 Nxe5 26.Nxe5 Rc3 27.Qe4 Rac8 28.Rcb1 f5 29.Qh4 Rc2
30.Nd3 Qd2 31.Re1 Nf6 32.Qf4 Qxf4 33.Nxf4 Ra8 34.Nxe6+ Kf7 35.Nc5 Ne4 36.Nd3 Ke6
37.Rac1 Rxc1 38.Rxc1 a4 39.bxa4 bxa4 40.f3 Nd2 41.Rd1 Nb3 42.Nc5+ Kd5 43.e4+ Kc4
44.Nd7 Kc3 45.Nf6 Ra6 46.Nd5+ Kc2 47.Ne3+ Kb2 48.Nc4+ Kc3 49.Ne3 a3 50.Nd5+ Kc2
51.Ne3+ Kc3 52.Nd5+ Kb2 53.Nb4 Ra4 54.d5 Rxb4 55.d6 Rd4  0-1

[Event "1st GM"]
[Site "Nagykanizsa HUN"]
[Date "2003.11.15"]
[Round "11"]
[White "Timoshenko,G"]
[Black "Balogh,C"]
[Result "1/2-1/2"]
[WhiteElo "2548"]
[BlackElo "2449"]

1.Nf3 Nf6 2.d4 e6 3.c4 b6 4.g3 Ba6 5.b3 Bb4+ 6.Bd2 Be7 7.Bg2 c6 8.Bc3 d5
9.Ne5 Nfd7 10.Nxd7 Nxd7 11.Nd2 O-O 12.O-O Nf6 13.Re1  1/2-1/2

[Event "TCh-SLO"]
[Site "Celje SLO"]
[Date "2003.11.21"]
[Round "7"]
[White "Krumpacnik,D"]
[Black "Gostisa,L"]
[Result "1/2-1/2"]
[WhiteElo "2364"]
[BlackElo "2420"]

1.d4 Nf6 2.Nf3 e6 3.c4 b6 4.g3 Ba6 5.Qc2 c5 6.Bg2 Bb7 7.O-O cxd4 8.Nxd4 Bxg2
9.Kxg2 Qc7 10.e4 a6 11.Nd2 Qb7 12.Re1 Be7 13.b3 d6 14.a4 O-O 15.Bb2 Nbd7
16.Re2 Rfc8 17.Qd3 Bf8 18.Qe3 Rab8 19.Kg1 g6 20.N4f3 e5 21.b4 Ng4 22.Qd3 a5
23.Ba3 Qc7 24.b5 Nc5 25.Qc2 Ne6 26.Rc1 Bh6 27.Qd3 Rd8 28.Rc3 Rbc8 29.Nf1 Nf6
30.Ne3 Bxe3 31.Rxe3 Nc5 32.Qc2 Qb7 33.Nd2 Ne6 34.Nb3 Qe7 35.Re1 Nd7 36.Rd3 Ndc5
37.Nxc5 dxc5 38.Rd5 Nc7 39.Rdd1 Ne6 40.Rd5 Qf6 41.Qd3 Nd4 42.Kg2 Rxd5 43.exd5 Re8
44.f4 e4 45.Rxe4 Rxe4 46.Qxe4 Qf5 47.Qxf5 Nxf5 48.Bb2 Nd6 49.Be5 Nxc4 50.Kf3 Kf8
51.g4 f5 52.gxf5 gxf5 53.Ke2 Ke7 54.Kd3 Nd6 55.Bxd6+  1/2-1/2

[Event "TCh-SLO"]
[Site "Celje SLO"]
[Date "2003.11.22"]
[Round "8"]
[White "Zupe,M"]
[Black "Gostisa,L"]
[Result "0-1"]
[WhiteElo "2367"]
[BlackElo "2420"]

1.d4 Nf6 2.Nf3 e6 3.c4 b6 4.g3 Ba6 5.b3 b5 6.cxb5 Bxb5 7.Bg2 c5 8.O-O Bc6
9.Bb2 Be7 10.Nc3 O-O 11.Qd3 cxd4 12.Qxd4 Na6 13.Ne5 Bxg2 14.Kxg2 Qc7 15.Na4 Nb4
16.Qd2 Qb7+ 17.Kg1 Rac8 18.Nc3 Rfd8 19.Rfc1 d5 20.a3 d4 21.Na4 Ne4 22.Qd1 Nc3
23.Qd2 Nba2 24.Re1 Qxb3 25.Bxc3 Nxc3 26.Nb2 Ne4 27.Qf4 Ng5  0-1

[Event "Gufeld Memorial"]
[Site "Burbank USA"]
[Date "2003.11.23"]
[Round "3"]
[White "Yegiazarian,A"]
[Black "Sevillano,E"]
[Result "1-0"]
[WhiteElo "2521"]
[BlackElo "2498"]

1.d4 Nf6 2.Nf3 e6 3.c4 b6 4.g3 Ba6 5.Qb3 c5 6.d5 Be7 7.Nc3 exd5 8.cxd5 O-O
9.e4 Bxf1 10.Kxf1 d6 11.Kg2 Nbd7 12.Re1 a6 13.a4 Re8 14.Bf4 Bf8 15.Rad1 Nh5
16.Bc1 Rb8 17.Qc2 Qc8 18.h3 b5 19.axb5 axb5 20.b3 Nhf6 21.Bb2 Qb7 22.Ra1 Ra8
23.Rxa8 Rxa8 24.Nd2 h6 25.Ra1 Re8 26.Ra5 b4 27.Nd1 Nh7 28.Ne3 Ndf6 29.Qd3 Qd7
30.f3 Ng5 31.g4 Nh5 32.gxh5 Qxh3+ 33.Kf2 Qh4+ 34.Ke2 Qxh5 35.Nef1 f5 36.e5 dxe5
37.d6 e4 38.Qd5+ Qf7 39.Qxf7+ Kxf7 40.Ra7+ Kg6 41.f4 Ne6 42.Be5 Nd4+ 43.Kf2 Rd8
44.Ne3 Kh5 45.Ndc4 g5 46.d7 gxf4 47.Bxf4 Be7 48.Ne5 Bh4+ 49.Kf1 Ne6 50.Nd5 Bg5
51.Bxg5 hxg5 52.Ra6 Nf8 53.Kg2 Nxd7 54.Nxd7 f4 55.N7f6+ Kg6 56.Nxe4+ Kf5
57.Nd6+  1-0

[Event "Gufeld Memorial"]
[Site "Burbank USA"]
[Date "2003.11.25"]
[Round "6"]
[White "Ortiz,E PHI"]
[Black "Yegiazarian,A"]
[Result "0-1"]
[WhiteElo "2310"]
[BlackElo "2521"]

1.d4 Nf6 2.Nf3 e6 3.c4 b6 4.g3 Ba6 5.b3 Bb4+ 6.Bd2 Be7 7.Bc3 Ne4 8.Bg2 d5
9.O-O Nd7 10.Bb2 c6 11.Nbd2 f5 12.Rc1 Bb7 13.Ne1 O-O 14.Nd3 Bd6 15.e3 a5
16.Nf3 Qe7 17.a4 Kh8 18.Rc2 Rad8 19.Qe2 c5 20.Rfc1 Rc8 21.Nfe5 Bxe5 22.dxe5 dxc4
23.bxc4 Nb8 24.Nf4 Bc6 25.f3 Ng5 26.Ra1 Rcd8 27.h4 Nf7 28.Nh5 Qe8 29.e4 fxe4
30.f4 Nh6 31.g4 Qg6 32.f5 exf5 33.e6 Rd4 34.g5 Ng8 35.Nf4 Qe8 36.Rd2 Qd8
37.e7 Qxe7 38.Rxd4 cxd4 39.Bxd4 Nd7 40.Rf1 Ne5 41.Bxb6 Qb4 42.Bd4 Nf3+ 43.Bxf3 exf3
44.Qe6 Qd2  0-1

[Event "7th Cup GM"]
[Site "Paks HUN"]
[Date "2003.11.27"]
[Round "9"]
[White "Kulaots,K"]
[Black "Papp,Ga"]
[Result "1-0"]
[WhiteElo "2530"]
[BlackElo "2432"]

1.d4 Nf6 2.Nf3 e6 3.c4 b6 4.g3 Ba6 5.Qb3 c5 6.d5 exd5 7.cxd5 c4 8.Qe3+ Qe7
9.Nc3 Qxe3 10.Bxe3 Bb4 11.Bd4 Nxd5 12.Bxg7 Rg8 13.O-O-O Bb7 14.Nxd5 Bxd5
15.Rxd5 Rxg7 16.Ne5 Nc6 17.Nxc4 Rc8 18.Kb1 Rg6 19.Bh3 Rd8 20.Rhd1 d6 21.Rh5 h6
22.f4 Bc5 23.a3 b5 24.Nd2 b4 25.a4 d5 26.Nb3 Be3 27.Rhxd5 Rxd5 28.Rxd5 Bg1
29.Bd7+ Ke7 30.Bxc6 Rxc6 31.Nd4 Bxd4 32.Rxd4 b3 33.Rb4 Rd6 34.Rxb3  1-0